General linguistics : (Record no. 7626)

MARC details
000 -LEADER
fixed length control field 00470cam a2200193ua 4500
001 - CONTROL NUMBER
control field 8531
005 - DATE AND TIME OF LATEST TRANSACTION
control field 20260515114339.0
008 - FIXED-LENGTH DATA ELEMENTS--GENERAL INFORMATION
fixed length control field 150205n xxk |||gr||||Z||||||eng
040 ## - CATALOGING SOURCE
Transcribing agency MAIN
041 ## - LANGUAGE CODE
Language code of text/sound track or separate title eng
082 ## - DEWEY DECIMAL CLASSIFICATION NUMBER
Classification number 410
100 ## - MAIN ENTRY--PERSONAL NAME
Personal name Robins, R. H.,
Relator term Author.
245 1# - TITLE STATEMENT
Title General linguistics :
Remainder of title Introductory survey /
Statement of responsibility, etc. By R. H. Robins .
250 ## - EDITION STATEMENT
Edition statement 1st.
260 ## - PUBLICATION, DISTRIBUTION, ETC.
Place of publication, distribution, etc. London:
Name of publisher, distributor, etc. Longmans,
Date of publication, distribution, etc. 1965.
300 ## - PHYSICAL DESCRIPTION
Extent xxx,390p.
653 ## - INDEX TERM--UNCONTROLLED
Uncontrolled term Linguistics
942 ## - ADDED ENTRY ELEMENTS (KOHA)
Koha item type Books
Holdings
Withdrawn status Lost status Damaged status Not for loan Home library Current library Shelving location Date acquired Total checkouts Full call number Barcode Date last seen Copy number Price effective from Koha item type
        Naharkatiya College Library Naharkatiya College Library General stacks 09/19/2020   410 | ROB 5684 09/19/2020 1 09/19/2020 Books